Le petit manuel du scénariste (notice n° 1983280)

détails MARC
000 -LEADER
fixed length control field 01188cam a2200133 4500500
005 - DATE AND TIME OF LATEST TRANSACTION
control field 20260329043133.0
041 ## - LANGUAGE CODE
Language code of text/sound track or separate title fre
042 ## - AUTHENTICATION CODE
Authentication code dc
100 10 - MAIN ENTRY--PERSONAL NAME
Personal name Louveau, Marc-Olivier
Relator term author
245 00 - TITLE STATEMENT
Title Le petit manuel du scénariste
260 ## - PUBLICATION, DISTRIBUTION, ETC.
Name of publisher, distributor, etc. Armand Colin,<br/>
Date of publication, distribution, etc. 2024.<br/>
520 ## - SUMMARY, ETC.
Summary, etc. Écrire un scénario nécessite beaucoup d’imagination, un peu de patience et la connaissance d’un minimum de techniques et de règles. Ce petit livre synthétique et pratique présente l’essentiel des techniques de l’écriture d’un scénario.Le lecteur pourra suivre ces règles pas à pas, de l’idée de départ à la mise au point finale du scénario, en passant par l’élaboration de la structure, l’utilisation des ressorts narratifs, la création des personnages… Un exemple de création/rédaction de scénario est présenté tout au long du livre pour illustrer la théorie. Cette nouvelle édition s’enrichit d’un nouveau chapitre abordant les erreurs les plus courantes et permettant au scénariste de trouver des solutions pour les corriger.
856 41 - ELECTRONIC LOCATION AND ACCESS
Uniform Resource Identifier <a href="https://shs.cairn.info/le-petit-manuel-du-scenariste-2e-ed--9782200639310?lang=fr&redirect-ssocas=7080">https://shs.cairn.info/le-petit-manuel-du-scenariste-2e-ed--9782200639310?lang=fr&redirect-ssocas=7080</a>

Pas d'exemplaire disponible.

PLUDOC

PLUDOC est la plateforme unique et centralisée de gestion des bibliothèques physiques et numériques de Guinée administré par le CEDUST. Elle est la plus grande base de données de ressources documentaires pour les Étudiants, Enseignants chercheurs et Chercheurs de Guinée.

Adresse

627 919 101/664 919 101

25 boulevard du commerce
Kaloum, Conakry, Guinée

Réseaux sociaux

Powered by Netsen Group @ 2025